Soil sampling and soil description (Record no. 37067)

MARC details
000 -LEADER
fixed length control field 00352nam a2200133Ia 4500
082 ## - DEWEY DECIMAL CLASSIFICATION NUMBER
Classification number 631.42.05
Item number HOD;1
100 ## - MAIN ENTRY--AUTHOR NAME
Personal name HODGSON, J M
245 #0 - TITLE STATEMENT
Title Soil sampling and soil description
260 ## - PUBLICATION, DISTRIBUTION, ETC. (IMPRINT)
Place of publication Oxford
Name of publisher Clarendon
Year of publication 1978
490 ## - SERIES STATEMENT
Series statement Monographs on soil survey
650 ## - SUBJECT ADDED ENTRY--TOPICAL TERM
Topical Term Soil sampling
942 ## - ADDED ENTRY ELEMENTS (KOHA)
Koha item type Books
Holdings
Withdrawn status Lost status Damaged status Not for loan Home library Current library Date acquired Full call number Accession Number Koha item type
        RRII Library RRII Library 16/12/2021 631.42.05 HOD;1 17458 Books